<?xml version="1.0" encoding="UTF-8"?>
<record
    xmlns:xsi="http://www.w3.org/2001/XMLSchema-instance"
    xsi:schemaLocation="http://www.loc.gov/MARC21/slim http://www.loc.gov/standards/marcxml/schema/MARC21slim.xsd"
    xmlns="http://www.loc.gov/MARC21/slim">

  <leader>01113nam a22002297a 4500</leader>
  <controlfield tag="003">BI-BuBU</controlfield>
  <controlfield tag="008">260319b2025    fr     fr|||| 000 0 fre d</controlfield>
  <datafield tag="037" ind1=" " ind2=" ">
    <subfield code="b">Don de l'auteur</subfield>
  </datafield>
  <datafield tag="039" ind1=" " ind2=" ">
    <subfield code="a">20260319140844.0</subfield>
    <subfield code="b">Thacien Mutabazi</subfield>
  </datafield>
  <datafield tag="040" ind1=" " ind2=" ">
    <subfield code="a">BI-BuBU</subfield>
    <subfield code="b">fre</subfield>
    <subfield code="c">BI-BuBU</subfield>
    <subfield code="d">BI-BuBU</subfield>
  </datafield>
  <datafield tag="041" ind1="0" ind2=" ">
    <subfield code="a">fre</subfield>
  </datafield>
  <datafield tag="080" ind1=" " ind2=" ">
    <subfield code="a">334.63</subfield>
  </datafield>
  <datafield tag="100" ind1="1" ind2=" ">
    <subfield code="4">aut.</subfield>
    <subfield code="a">Ndayigine, Jean Claude</subfield>
  </datafield>
  <datafield tag="245" ind1="1" ind2="0">
    <subfield code="a">Etude d'impact des subventions aux coop&#xE9;ratives agricoles dans l'am&#xE9;lioration des conditions de vie des m&#xE9;nages ruraux au Burundi</subfield>
    <subfield code="b">cas de la commune Kayokwe en province Mwaro</subfield>
    <subfield code="c">Jean Claude Ndayigine ; L&#xE9;onard Ntakarutimana, directeur</subfield>
  </datafield>
  <datafield tag="260" ind1=" " ind2=" ">
    <subfield code="a">Bujumbura</subfield>
    <subfield code="b">Universit&#xE9; du Burundi, Facult&#xE9; d'Agronomie et de Bio-Ing&#xE9;ni&#xE9;rie (FABI), d&#xE9;partement de socio-&#xE9;conomie rurale (SER)</subfield>
    <subfield code="c">2025</subfield>
  </datafield>
  <datafield tag="300" ind1=" " ind2=" ">
    <subfield code="a">XIV-114 f.</subfield>
    <subfield code="c">30 cm.</subfield>
  </datafield>
  <datafield tag="502" ind1=" " ind2=" ">
    <subfield code="a">M&#xE9;moire pr&#xE9;sent&#xE9; en vue de l'obtention du dipl&#xF4;me de Master en d&#xE9;veloppement rural et agro-business</subfield>
  </datafield>
  <datafield tag="650" ind1=" " ind2="7">
    <subfield code="2">BI-BuBU</subfield>
    <subfield code="a">Coop&#xE9;rative agricole</subfield>
    <subfield code="x">M&#xE9;nage rural</subfield>
    <subfield code="x">Condition de vie</subfield>
    <subfield code="z">Kayokwe (Commune)</subfield>
  </datafield>
  <datafield tag="655" ind1=" " ind2="7">
    <subfield code="2">BI-BuBU</subfield>
    <subfield code="a">M&#xE9;moire</subfield>
  </datafield>
  <datafield tag="700" ind1="1" ind2=" ">
    <subfield code="4">dir.</subfield>
    <subfield code="a">Ntakarutimana, L&#xE9;onard</subfield>
  </datafield>
  <datafield tag="942" ind1=" " ind2=" ">
    <subfield code="2">udc</subfield>
    <subfield code="c">MEM</subfield>
  </datafield>
  <datafield tag="999" ind1=" " ind2=" ">
    <subfield code="c">53631</subfield>
    <subfield code="d">53631</subfield>
  </datafield>
  <datafield tag="952" ind1=" " ind2=" ">
    <subfield code="0">0</subfield>
    <subfield code="1">0</subfield>
    <subfield code="2">udc</subfield>
    <subfield code="4">0</subfield>
    <subfield code="7">1</subfield>
    <subfield code="9">85458</subfield>
    <subfield code="a">BC</subfield>
    <subfield code="b">BC</subfield>
    <subfield code="d">2026-03-19</subfield>
    <subfield code="e">Don de l'auteur</subfield>
    <subfield code="l">0</subfield>
    <subfield code="o">R.334.63 NDA.</subfield>
    <subfield code="p">5010000483463</subfield>
    <subfield code="r">2026-03-19</subfield>
    <subfield code="t">1</subfield>
    <subfield code="w">2026-03-19</subfield>
    <subfield code="y">MEM</subfield>
    <subfield code="i">242128</subfield>
  </datafield>
</record>
